[Event "QGD Slav defence over 1800"]
[Site "SchemingMind.com"]
[Date "2007.08.13"]
[Round "-"]
[White "Rhel"]
[Black "maaac"]
[Result "1-0"]
[WhiteCountry "GBR"]
[BlackCountry "AUS"]
[WhiteElo "2179"]
[WhiteRD "94"]
[BlackElo "1829"]
[BlackRD "76"]
[GameID "116028"]

1. d4 d5 2. c4 c6 3. Nf3 Nf6 4. Nc3 e6 5. e3 Nbd7 6. Qc2 Be7 7. Bd3 dxc4 8. Bxc4 O-O 9. O-O b5 10. Bd3 Bb7
11. Bd2 a6 12. e4 h6 13. e5 Nd5 14. Nxd5 cxd5 15. Qb3 Nb6 16. Ba5 Rb8 17. Rfc1 Ba8 18. Bc2 Qd7 19. Qd3 g6 20. Bd2 Kg7
21. b3 Ba3 22. Qe3 Rh8 23. Rcb1 b4 24. h3 Bc6 25. Ne1 Bb5 26. Qf4 Qe7 27. Bd1 Rbc8 28. Nc2 Rxc2 29. Bxc2 a5 30. Bc1 Bxc1
31. Rxc1
1-0

[Event "QGD Slav defence over 1800"]
[Site "SchemingMind.com"]
[Date "2007.08.15"]
[Round "-"]
[White "Rhel"]
[Black "egis"]
[Result "1-0"]
[WhiteCountry "GBR"]
[BlackCountry "LTU"]
[WhiteElo "2221"]
[WhiteRD "98"]
[BlackElo "2032"]
[BlackRD "72"]
[GameID "116029"]

1. d4 d5 2. c4 c6 3. Nf3 Nf6 4. Nc3 e6 5. e3 Bb4 6. Bd3 O-O 7. O-O Bxc3 8. bxc3 Nbd7 9. Qc2 a5 10. Ba3 Re8
11. cxd5 cxd5 12. c4 dxc4 13. Bxc4 b6 14. Rfc1 Bb7 15. Qe2 Bd5 16. Bd3 Ne4 17. Bb5 Rb8 18. Ne5 Nef6 19. Nc6 Bxc6 20. Bxc6 Qc7
21. Qb5 Qa7 22. Bd6 Rbd8 23. Rc2 Rc8 24. Rac1 Kh8 25. e4 Red8 26. e5 Ng8 27. Bf3 Rxc2 28. Rxc2 Nb8 29. Rc7 Qa6 30. Bc6 Qxb5
31. Bxb5 Nh6 32. Rb7 g6 33. Rxb8 Rxb8 34. Bxb8 Nf5 35. Ba7 Nxd4 36. a4 Nf5 37. Bxb6 Ne7 38. Bxa5 Nd5 39. Bc4 Ne7 40. Bd2 Nc6
41. a5 Nxa5 42. Bxa5 Kg7 43. Bd8 Kf8 44. Bb5 h6 45. f4 Kg7 46. Bf6+ Kh7 47. g4 Kg8 48. g5 hxg5 49. fxg5 Kf8 50. Kf2 Kg8
51. Ke3 Kf8 52. Kd4 Kg8 53. Kc5 Kf8 54. Kd6 Kg8 55. Kd7 Kf8 56. Kd8 Kg8 57. Ke7 Kh7 58. Bc4 Kg8 59. Bxe6 fxe6 60. Kxe6 Kf8
61. Kd7 Kf7 62. e6+ Kg8 63. e7
1-0

[Event "QGD Slav defence over 1800"]
[Site "SchemingMind.com"]
[Date "2007.08.11"]
[Round "-"]
[White "Rhel"]
[Black "GrischukFan"]
[Result "0-1"]
[WhiteCountry "GBR"]
[BlackCountry "GER"]
[WhiteElo "2179"]
[WhiteRD "91"]
[BlackElo "2334"]
[BlackRD "84"]
[GameID "116030"]

1. d4 d5 2. c4 c6 3. Nf3 Nf6 4. Nc3 e6 5. e3 Nbd7 6. Qc2 Bd6 7. Bd3 O-O 8. O-O dxc4 9. Bxc4 Qe7 10. h3 e5
11. Bb3 Bc7 12. Bd2 h6 13. Nh4 exd4 14. Nf5 Qd8 15. exd4 Nb6 16. Nxh6+ gxh6 17. Bxh6 Nfd5 18. Qd2 Re8 19. Rae1 Re6 20. Bg5 Qd6
21. f4 Rxe1 22. Rxe1 Bf5 23. Ne4 Qg6 24. Ng3 Bd7 25. Bc2 f5 26. h4 Rf8 27. h5 Qh7 28. h6 Qg6 29. Bb3 Kh7 30. a4 a5
31. Kh2 Bd6 32. Re2 Re8 33. Rxe8 Qxe8 34. Qe2 Qxe2 35. Nxe2 Ne3 36. Kg3 Nbc4 37. Bxc4 Nxc4 38. b3 Nd2
0-1

[Event "QGD Slav defence over 1800"]
[Site "SchemingMind.com"]
[Date "2007.08.12"]
[Round "-"]
[White "Rhel"]
[Black "Lazaro"]
[Result "1/2-1/2"]
[WhiteCountry "GBR"]
[BlackCountry "CUB"]
[WhiteElo "2186"]
[WhiteRD "100"]
[BlackElo "1902"]
[BlackRD "58"]
[GameID "116031"]

1. d4 d5 2. c4 c6 3. Nf3 Nf6 4. Nc3 e6 5. e3 Bd6 6. Qc2 O-O 7. Bd3 Nbd7 8. O-O b6 9. e4 dxe4 10. Nxe4 Be7
11. Bf4 Bb7 12. Nd6 Qc7 13. c5 bxc5 14. dxc5 g6 15. Bg3 Nh5=
1/2-1/2

[Event "QGD Slav defence over 1800"]
[Site "SchemingMind.com"]
[Date "2007.08.15"]
[Round "-"]
[White "AlekhineKid"]
[Black "Rhel"]
[Result "0-1"]
[WhiteCountry "USA"]
[BlackCountry "GBR"]
[WhiteElo "1856"]
[WhiteRD "82"]
[BlackElo "2179"]
[BlackRD "90"]
[GameID "116033"]

1. d4 d5 2. c4 c6 3. Nf3 Nf6 4. Nc3 e6 5. Bg5 Nbd7 6. e3 Qa5 7. Nd2 Bb4 8. Qc2 O-O 9. Be2 dxc4 10. Bxf6 Nxf6
11. Nxc4 Qc7 12. O-O Rd8 13. Bf3 Bd7 14. Ne4 Nxe4 15. Bxe4 g6 16. Ne5 Bd6 17. f4 c5 18. Nxd7 Rxd7 19. d5 Re8 20. dxe6 Rxe6
21. f5 Bxh2+ 22. Kh1 Red6 23. fxg6 hxg6 24. Qc4 Bg3 25. Rf3 Rd1+ 26. Rxd1 Rxd1+ 27. Rf1 Qd7
0-1

[Event "QGD Slav defence over 1800"]
[Site "SchemingMind.com"]
[Date "2007.08.10"]
[Round "-"]
[White "Apocalypse"]
[Black "Rhel"]
[Result "1-0"]
[WhiteCountry "USA"]
[BlackCountry "GBR"]
[WhiteElo "2223"]
[WhiteRD "77"]
[BlackElo "2179"]
[BlackRD "90"]
[GameID "116034"]

1. d4 d5 2. c4 c6 3. Nf3 Nf6 4. e3 Bf5 5. Nc3 e6 6. Nh4 Bg6 7. Nxg6 hxg6 8. a3 Nbd7 9. g3 Be7 10. f4 dxc4
11. Bxc4 Qc7 12. e4 c5 13. d5 exd5 14. Bxd5 Nb6 15. Ba2 Rd8 16. Qe2 Qc6 17. Bd2 c4 18. O-O-O O-O 19. Rhe1 a6 20. Kb1 Rfe8
21. Rc1 Bc5 22. e5 g5 23. h4 gxh4 24. gxh4 Rd7 25. Rc2 Bd4 26. h5 Nfd5 27. Qg4 Nxc3+ 28. bxc3 Bc5 29. f5
1-0

[Event "QGD Slav defence over 1800"]
[Site "SchemingMind.com"]
[Date "2007.08.11"]
[Round "-"]
[White "faulty"]
[Black "Rhel"]
[Result "0-1"]
[WhiteCountry "USA"]
[BlackCountry "GBR"]
[WhiteElo "1919"]
[WhiteRD "80"]
[BlackElo "2186"]
[BlackRD "100"]
[GameID "116035"]

1. d4 d5 2. c4 c6 3. Nc3 Nf6 4. Bg5 dxc4 5. e3 b5 6. Bxf6 exf6 7. Nf3 Bb4 8. Be2 O-O 9. O-O Bf5 10. a3 Bxc3
11. bxc3 Re8 12. a4 a6 13. d5 Be4 14. dxc6 Nxc6 15. Nd4 Nxd4 16. exd4 Qd5 17. f3 Bf5 18. g4 Bd7 19. axb5 axb5 20. Qc2 Bc6
21. Kf2 Qd6 22. Kg1 Rxa1 23. Rxa1 Qe6
0-1

[Event "QGD Slav defence over 1800"]
[Site "SchemingMind.com"]
[Date "2007.08.10"]
[Round "-"]
[White "Aumonde"]
[Black "Rhel"]
[Result "1/2-1/2"]
[WhiteCountry "USA"]
[BlackCountry "GBR"]
[WhiteElo "2190"]
[WhiteRD "59"]
[BlackElo "2179"]
[BlackRD "94"]
[GameID "116036"]

1. d4 d5 2. c4 c6 3. Nf3 Nf6 4. e3 Bf5 5. Bd3 Bxd3 6. Qxd3 e6 7. O-O Nbd7 8. c5 Be7 9. Nc3 O-O 10. b4 h6
11. Bb2 Qc7 12. Rfc1 a5 13. b5 cxb5 14. Nxb5 Qc6 15. Nd6 Ne4 16. Ba3 b6 17. cxb6 Qxb6 18. Rab1 Qa6 19. Qxa6 Rxa6 20. Nb5 Bxa3
21. Nxa3 Rb6 22. Rxb6 Nxb6 23. Ne5 Rc8 24. Nc6 Kf8 25. Nb5 a4 26. f3 Nd2 27. e4 dxe4 28. Nd6 Rc7 29. fxe4 Nc8 30. Nb5=
1/2-1/2

[Event "QGD Slav defence over 1800"]
[Site "SchemingMind.com"]
[Date "2007.08.13"]
[Round "-"]
[White "maaac"]
[Black "Rhel"]
[Result "0-1"]
[WhiteCountry "AUS"]
[BlackCountry "GBR"]
[WhiteElo "1829"]
[WhiteRD "76"]
[BlackElo "2179"]
[BlackRD "94"]
[GameID "116037"]

1. d4 d5 2. c4 c6 3. Nc3 dxc4 4. a4 e5 5. dxe5 Qxd1+ 6. Kxd1 Be6 7. Nf3 Ne7 8. h4 Nd7 9. Bf4 Ng6 10. Bg3 Bb4
11. h5 Ne7 12. e4 Nc5 13. Ng5 Nb3 14. Nxe6 fxe6 15. Rb1 Rd8+ 16. Ke1 Nd2 17. Rd1 Nxe4 18. Bxc4 Nd5 19. Bxd5 cxd5 20. Kf1 Bxc3
21. bxc3 Nxc3 22. Rc1 d4 23. h6 g6 24. Bh4 Rd5 25. Bf6 Rf8 26. Rc2 Rf7 27. Rh4 Rc7 28. Rf4 d3 29. Rd2 Nb1
0-1

[Event "QGD Slav defence over 1800"]
[Site "SchemingMind.com"]
[Date "2007.08.15"]
[Round "-"]
[White "egis"]
[Black "Rhel"]
[Result "0-1"]
[WhiteCountry "LTU"]
[BlackCountry "GBR"]
[WhiteElo "2002"]
[WhiteRD "85"]
[BlackElo "2230"]
[BlackRD "85"]
[GameID "116038"]

1. d4 d5 2. c4 c6 3. Nf3 Nf6 4. cxd5 cxd5 5. e3 e6 6. Bd3 Nc6 7. O-O Bd6 8. Nc3 O-O 9. a4 a6 10. b3 Bd7
11. Qd2 Qe7 12. Bb2 Rac8 13. Ne2 h6 14. Bc3 Ne4 15. Qb2 Nxc3 16. Nxc3 Nb4 17. Ne1 e5 18. e4 Nxd3 19. Nxd3 exd4 20. Nxd5 Qxe4
21. Nb6 Bc6 22. Ne1 Rcd8 23. Nc4 Bb4 24. f3 Qf5 25. Qb1 d3 26. Ra2 Rfe8 27. h3 Qd5 28. Qd1 d2 29. Nc2 Re1 30. Nxe1 dxe1=Q
31. Qxd5 Qxf1+ 32. Kxf1 Bxd5 33. Rb2 Be6 34. Ke2 Re8 35. Kf2 Bc5+ 36. Kg3 b5 37. axb5 axb5 38. Nd2 Bd4 39. Rb1 Rc8 40. Re1 Bc3
41. Re2 Bxd2 42. Rxd2 Bxb3 43. Rb2 Bc4 44. h4 Rb8 45. Rb4 Ra8 46. Rb1 Ra4 47. Rc1 Be6 48. Re1 b4 49. Re4 g6 50. Rd4 Kg7
51. Kf4 Kf6 52. g4 g5+ 53. hxg5+ hxg5+ 54. Ke4 Bd7 55. Rxd7 b3+ 56. Ke3 Rb4 57. Rd1 b2 58. Rb1 Ke5 59. Kd3 Kf4 60. Ke2 Rb3
61. Kf2 Rxf3+ 62. Ke1 Rb3 63. Kd2 Rh3 64. Rg1 Rb3 65. Rb1 Kxg4 66. Kc2 Rb6 67. Rg1+ Kf3 68. Kb1 g4 69. Rf1+ Kg2 70. Rxf7 g3
71. Re7 Kg1 72. Re1+ Kh2 73. Re7 g2 74. Rh7+ Kg1 75. Rd7 Rb3 76. Rd8 Kh2 77. Rh8+ Rh3 78. Rg8 g1=Q+ 79. Rxg1 Kxg1 80. Kxb2 Kf1
0-1

[Event "QGD Slav defence over 1800"]
[Site "SchemingMind.com"]
[Date "2007.08.11"]
[Round "-"]
[White "GrischukFan"]
[Black "Rhel"]
[Result "1/2-1/2"]
[WhiteCountry "GER"]
[BlackCountry "GBR"]
[WhiteElo "2337"]
[WhiteRD "83"]
[BlackElo "2179"]
[BlackRD "90"]
[GameID "116039"]

1. d4 d5 2. c4 c6 3. Nf3 Nf6 4. Nc3 e6 5. Bg5 Nbd7 6. e3 Qa5 7. cxd5 Nxd5 8. Qd2 Bb4 9. Rc1 h6 10. Bh4 c5
11. a3 Bxc3 12. bxc3 b6 13. Be2 Bb7 14. O-O O-O 15. c4 Qxd2 16. Nxd2 N5f6 17. f4 Rac8 18. g4 Ne4 19. Nxe4 Bxe4 20. Rcd1 cxd4
21. exd4 f5 22. h3 Nf6 23. Rfe1 g6 24. Kh2 Kg7 25. Kg3 Bb7 26. Bxf6+ Kxf6 27. Rd2 Rc7 28. a4 Rfc8 29. h4 Be4 30. g5+ hxg5
31. hxg5+ Ke7 32. a5 Rd7 33. axb6 axb6 34. Ra1=
1/2-1/2

[Event "QGD Slav defence over 1800"]
[Site "SchemingMind.com"]
[Date "2007.08.12"]
[Round "-"]
[White "Lazaro"]
[Black "Rhel"]
[Result "1/2-1/2"]
[WhiteCountry "CUB"]
[BlackCountry "GBR"]
[WhiteElo "1874"]
[WhiteRD "51"]
[BlackElo "2179"]
[BlackRD "94"]
[GameID "116040"]

1. d4 d5 2. c4 c6 3. cxd5 cxd5 4. Bf4 Nc6 5. e3 Nf6 6. Nc3 a6 7. Bd3 e6 8. Nf3 Be7 9. O-O O-O 10. Ne5 Bd7
11. a3 Rc8 12. Qf3 Nxe5 13. dxe5 Ne8 14. Rac1 f5 15. h3 Nc7 16. Ne2 Bb5 17. Bxb5=
1/2-1/2